000 00609nam a2200241Ia 4500
003 OSt
005 20221005122352.0
006 a|||||r|||| 00| 0
007 ta
008 221004b |||||||| |||| 00| 0 tam d
024 _a47011
037 _cTextual
040 _aCRL
_cCRL
_btam
041 _2tam
_atam
082 _aDelta2:864, 31L5
100 _aTamizhvanan Au.
_9631861
245 0 _aJatakam parppadu eppadi
260 _c1975
300 _a259p.
_ccm.
650 _aSPIRITUALISM
942 _hDelta2:864, 31L5
_cTEXL
_2cc
999 _c1044059
_d1044059